Štatutárna účtovná závierka medzinárodnej spoločnosti (spracovanie práce z podkladov v anglickom jazyku) diplomová práca

Saved in:
Bibliographic Details
Main Author: Hecl, Miroslav
Corporate Author: Fakulta podnikového manažmentu EU. Katedra podnikových financií
Other Authors: Sovíková, Daniela, 1983-
Format: Book
Language:Slovak
Published: Bratislava 2015
Tags: Add Tag
No Tags, Be the first to tag this record!

MARC

LEADER 00000nbm a2200000 4500
001 0201368
005 20161212102852.2
041 0 |a slo 
044 |a SK 
245 1 0 |a Štatutárna účtovná závierka medzinárodnej spoločnosti (spracovanie práce z podkladov v anglickom jazyku)  |b diplomová práca  |c Miroslav Hecl ; školiteľ: Daniela Tučníková 
264 1 |a Bratislava  |c 2015 
300 |a 87 s. 
100 1 |a Hecl, Miroslav 
700 1 |a Sovíková, Daniela, 1983- 
710 2 |a Fakulta podnikového manažmentu EU. Katedra podnikových financií